| 000 | 00535nam a2200145Ia 4500 | ||
|---|---|---|---|
| 008 | 100204s9999 xx 000 0 und d | ||
| 082 | _b4739 | ||
| 100 | _aमाडगूळकर ग. दि. | ||
| 245 | _aवाटेवरल्या सावल्या | ||
| 260 |
_b"विश्वमोहिनी प्रकाशन , पुणे" _c1981 |
||
| 300 | _a165+14 | ||
| 630 | _aवाटेवरल्या सावल्या | ||
| 730 | _aवाटेवरल्या सावल्या | ||
| 942 | _cBOOK | ||
| 999 |
_c449435 _d449432 |
||